Vainqueurs de la Coupe Davis - Statistiques

Statistiques générales
  • Ce quiz a été pris 93 fois
  • Le résultat moyen est 14 sur 16
Statistiques - réponses
Dernier Titre Nombre de titres Pays % Correct
2007 32 Etats-Unis
100%
2017 10 France
100%
2019 6 Espagne
99%
2024 3 Italie
99%
2015 10 Royaume-Uni
98%
2003 28 Australie
96%
2021 3 Russie
95%
2010 1 Serbie
93%
1998 7 Suède
92%
2014 1 Suisse
92%
2016 1 Argentine
90%
1993 3 Allemagne
89%
2022 1 Canada
88%
2013 3 République Tchèque
82%
2018 2 Croatie
80%
1974 1 Afrique du Sud
50%
Aucun quiz correspondant
Distribution des résultats
% des personnes avec chaque résultat
Percentile par nombre de réponses
Votre historique - résultats
Vous n’avez pas pris ce quiz